000 01187nam a2200301 i 4500
003 EG-GICUC
005 20260211215322.0
008 260211s2008 ua ||||fr|||| 00| 0 ara d
020 _a9789770456246
040 _a EG-GICUC
_bara
_c EG-GICUC
_d EG-GICUC
_erda
082 0 4 _221
_a341.77
_bأم . م
092 0 4 _221
099 _aLaw1 11 341.77 أم . م 2008
100 0 _aأمجد هيكل
_eمؤلف.
245 1 2 _aالمسئولية الجنائية الفردية الدولية أمام القضاء الجنائي الدولي :
_bدراسة في إطار القانون الدولي الإنساني /
_c.أمجد هيكل
264 1 _aالقاهرة :
_bدار النهضة العربية،
_c2008.
300 _a601صفحة
_bإيضاحيات، صور، مثيليات ؛
_c24 سم
336 _2rda content
_atext
337 _2rda media
_aComputer
338 _2rda carrier
_aOnline Resource
504 _a
546 _aالنص باللغة العربية
650 1 4 _aالقانون الدولى العام - القضاء
_2
651 1 _2
856 4 0 _uhttps://fll.law.cu.edu.eg/fulltext/bks/B11-07221.pdf
905 _a50
942 _2ddc
_cBK
_e21
_n0
999 _c62718
_d62718